000 00442nam a2200205Ia 4500
001 12458
003 GE_BSU
008 181216s||||||||xx |||||||||||||| ||und||
020 _a9780099457152
040 _cGE_BSU
080 _a821.111-312.4
100 _aGrisham,John.
245 4 _aThe Last Juror.
260 _aLondon.
260 _bArrow Books.
260 _c2004
300 _a298p;18cm.
653 _aThe Last Juror.
942 _cBK
999 _c45632
_d45632